| 000 | 01089nam a2200253 a 4500 | ||
|---|---|---|---|
| 001 | 63408 | ||
| 003 | BD-RjUL | ||
| 005 | 20211209081208.0 | ||
| 008 | 170130s1988 ii ||||| |||| 00| 0 ben d | ||
| 020 | _c: Tk. 30.00 | ||
| 035 | _a(BD-RjUL) | ||
| 040 |
_aBD-RjUL _bben _cBD-RjUL |
||
| 041 | _aben | ||
| 082 |
_223 _a891.44109 _bMUK 1988 |
||
| 100 |
_aমুখোপাধ্যায়, দুর্গাশঙ্কর _9188662 |
||
| 245 | 1 | 0 |
_aকাব্যতত্ত্ব-বিচার / _cদুর্গাশঙ্কর মুখোপাধ্যায় |
| 260 |
_aকলকাতা : _bমডার্ণ বুক এজেন্সী, _c১৯৮৮ |
||
| 300 |
_aখণ্ড ; _c২৩ সেমি. |
||
| 504 | _aগ্রন্থপঞ্জি সংযুক্ত | ||
| 505 | _aখণ্ড ১ ভারতীয় অলংকারশাস্ত্র --- | ||
| 650 |
_aবাংলা কবিতা _xইতিহাস ও সমালোচনা _9185023 |
||
| 650 |
_aBengali Poetry _xHistory and Criticism _9186582 |
||
| 942 |
_2ddc _cBK |
||
| 999 |
_c63408 _d63408 |
||